<?xml version="1.0" encoding="UTF-8"?>
<marc:record xmlns:marc="http://www.loc.gov/MARC21/slim">
   <marc:leader>00000nam a2200000 a 4500</marc:leader>
   <marc:datafield ind1="1" ind2=" " tag="100">
      <marc:subfield code="a">Watt, Fiona</marc:subfield>
      <marc:subfield code="4">aut</marc:subfield>
      <marc:subfield code="e">Verfasser/-in</marc:subfield>
   </marc:datafield>
   <marc:datafield ind1="0" ind2="0" tag="245">
      <marc:subfield code="a">365 Ideen zum Malen und Zeichnen</marc:subfield>
   </marc:datafield>
   <marc:datafield ind1="0" ind2="0" tag="245">
      <marc:subfield code="c">Fiona Watt</marc:subfield>
   </marc:datafield>
   <marc:datafield ind1=" " ind2="1" tag="264">
      <marc:subfield code="a">Stuttgart</marc:subfield>
      <marc:subfield code="b">Frech-Verl.</marc:subfield>
      <marc:subfield code="c">2011</marc:subfield>
   </marc:datafield>
   <marc:datafield ind1="1" ind2=" " tag="520">
      <marc:subfield code="a">Da Kinder sehr gerne malen und zeichnen, ist dieses Buch voller Ideen und einfachen Schritt-für-Schritt-Anleitungen ein absolutes Muss für kreative Familien. Manche der Techniken, die hier gezeigt werden sind bereits bekannt; wirklich erstaunlich ist die gebotene Fülle und die kreative Art, wie Themen und Techniken umgesetzt werden. Hier wird besonders viel Kreativität gezeigt und damit auch bei Kindern wachgerufen. 365 Themen und Ideen bieten für jeden Tag des Jahres etwas. Manche Techniken werden wiederholt und vertieft, jedoch immer wieder neu umgesetzt. Dabei wird eine ganze Menge über das Mischen der Farben, über Linien, Flächen, Kontraste, hell und dunkel, etc. gelehrt, ohne dabei jedoch belehrend zu wirken. So macht Kreativität richtig Spaß! 128 Seiten, 25 x 27,7 cm, Hardcover mit verdeckter Spiralbindung (Verlagstext)</marc:subfield>
   </marc:datafield>
   <marc:datafield ind1=" " ind2=" " tag="020">
      <marc:subfield code="a">9783772457340</marc:subfield>
      <marc:subfield code="9">9783772457340</marc:subfield>
   </marc:datafield>
   <marc:datafield ind1=" " ind2=" " tag="020">
      <marc:subfield code="a">3772457347</marc:subfield>
      <marc:subfield code="9">3772457347</marc:subfield>
   </marc:datafield>
   <marc:datafield ind1=" " ind2=" " tag="300">
      <marc:subfield code="a">127 Seiten</marc:subfield>
   </marc:datafield>
</marc:record>
